| 000 | 00429nam a2200157 i 4500 | ||
|---|---|---|---|
| 001 | 75381 | ||
| 003 | ES-MaACL | ||
| 005 | 20230906172430.0 | ||
| 007 | t| | ||
| 008 | 040924s1965 sp ||||1| spa d | ||
| 100 | 1 |
_aGras, J. _959677 |
|
| 245 | 1 | 0 |
_aBases fundamentales de inmunologĂa / _cpor J. Gras. |
| 260 |
_aBarcelona : _bToray, _c1965. |
||
| 300 |
_aVIII, 128 p. : _bil. ; _c23 cm. |
||
| 852 |
_aES-MaACL _jC-27349 _bR.56099 |
||
| 999 |
_c75381 _d75381 |
||